[Event "EYCC 2024 - O14"]
[Site "?"]
[Date "2024.08.28"]
[Round "6.8"]
[White "Federer, Colin"]
[Black "Brzezina, Piotr"]
[Result "0-1"]
[BlackElo "2341"]
[WhiteElo "2151"]
[LiveChessVersion "1.4.8"]

1. e4 {[%clk 1:30:58]} e5 {[%clk 1:29:43]} 2. Nf3 {[%clk 1:31:23]} Nc6
{[%clk 1:30:09]} 3. Bc4 {[%clk 1:31:48]} Bc5 {[%clk 1:30:28]} 4. d3
{[%clk 1:32:06]} Nf6 {[%clk 1:30:52]} 5. Bg5 {[%clk 1:32:24]} h6 {[%clk 1:31:00]}
6. Bh4 {[%clk 1:32:51]} d6 {[%clk 1:31:22]} 7. c3 {[%clk 1:33:15]} a5
{[%clk 1:31:47]} 8. Nbd2 {[%clk 1:31:55]} Ba7 {[%clk 1:31:08]} 9. O-O
{[%clk 1:31:55]} g5 {[%clk 1:31:25]} 10. Bg3 {[%clk 1:32:10]} O-O
{[%clk 1:31:26]} 11. h3 {[%clk 1:15:56]} Nh5 {[%clk 1:25:47]} 12. Bh2
{[%clk 1:15:32]} g4 {[%clk 1:25:06]} 13. hxg4 {[%clk 1:14:53]} Bxg4
{[%clk 1:25:19]} 14. Bd5 {[%clk 1:06:20]} Qf6 {[%clk 0:50:43]} 15. Nc4
{[%clk 1:02:29]} Ne7 {[%clk 0:31:49]} 16. Ne3 {[%clk 1:00:00]} Bxf3
{[%clk 0:32:03]} 17. Qxf3 {[%clk 0:58:43]} Qxf3 {[%clk 0:32:08]} 18. gxf3
{[%clk 0:59:07]} Bxe3 {[%clk 0:21:45]} 19. fxe3 {[%clk 0:59:31]} Nxd5
{[%clk 0:22:09]} 20. exd5 {[%clk 0:59:58]} f5 {[%clk 0:22:27]} 21. Kf2
{[%clk 0:47:11]} Kf7 {[%clk 0:21:26]} 22. Rad1 {[%clk 0:29:36]} Rg8
{[%clk 0:14:13]} 23. e4 {[%clk 0:24:41]} fxe4 {[%clk 0:09:45]} 24. dxe4
{[%clk 0:23:29]} Rg5 {[%clk 0:08:51]} 25. Rg1 {[%clk 0:22:56]} Rag8
{[%clk 0:05:51]} 26. Rxg5 {[%clk 0:22:03]} hxg5 {[%clk 0:05:48]} 27. c4
{[%clk 0:18:09]} g4 {[%clk 0:04:11]} 28. fxg4 {[%clk 0:08:59]} Rxg4
{[%clk 0:04:35]} 29. Kf3 {[%clk 0:09:15]} Rh4 {[%clk 0:04:12]} 30. Rd2
{[%clk 0:02:14]} Nf6 {[%clk 0:04:28]} 31. Rc2 {[%clk 0:00:57]} Nxe4
{[%clk 0:03:58]} 32. Rg2 {[%clk 0:00:34]} Nf6 {[%clk 0:01:56]} 33. b3
{[%clk 0:00:51]} Rh3+ {[%clk 0:02:07]} 34. Ke2 {[%clk 0:01:13]} a4
{[%clk 0:01:48]} 35. b4 {[%clk 0:01:05]} Rc3 {[%clk 0:02:05]} 0-1

[Event "EYCC 2024 - O14"]
[Site "?"]
[Date "2024.08.28"]
[Round "6.9"]
[White "Boulos, Paul"]
[Black "Marin Ferragut, Pau"]
[Result "1/2-1/2"]
[BlackElo "2338"]
[WhiteElo "2083"]
[LiveChessVersion "1.4.8"]

1. e4 {[%clk 1:30:56]} c5 {[%clk 1:30:28]} 2. Nf3 {[%clk 1:31:16]} d6
{[%clk 1:30:31]} 3. Bb5+ {[%clk 1:31:41]} Nd7 {[%clk 1:30:14]} 4. Ba4
{[%clk 1:31:53]} Ngf6 {[%clk 1:30:13]} 5. O-O {[%clk 1:32:03]} a6
{[%clk 1:30:05]} 6. c4 {[%clk 1:32:18]} g6 {[%clk 1:29:57]} 7. Nc3
{[%clk 1:31:45]} Bg7 {[%clk 1:29:58]} 8. d3 {[%clk 1:31:56]} O-O {[%clk 1:29:38]}
9. h3 {[%clk 1:32:22]} b6 {[%clk 1:29:28]} 10. Bg5 {[%clk 1:31:32]} h6
{[%clk 1:28:32]} 11. Be3 {[%clk 1:31:35]} Bb7 {[%clk 1:28:37]} 12. Qd2
{[%clk 1:31:28]} Kh7 {[%clk 1:28:49]} 13. Rab1 {[%clk 1:29:20]} Qc7
{[%clk 1:18:53]} 14. Rfc1 {[%clk 1:20:12]} Rab8 {[%clk 1:15:43]} 15. b4
{[%clk 1:15:00]} Rfc8 {[%clk 1:11:13]} 16. Bd1 {[%clk 1:00:25]} e6
{[%clk 1:08:29]} 17. a4 {[%clk 0:51:27]} Ba8 {[%clk 1:06:24]} 18. Bf4
{[%clk 0:48:48]} Ne5 {[%clk 1:03:17]} 19. Nxe5 {[%clk 0:34:35]} dxe5
{[%clk 1:03:41]} 20. Be3 {[%clk 0:35:03]} Nd7 {[%clk 1:01:24]} 21. b5
{[%clk 0:32:44]} a5 {[%clk 1:01:22]} 22. Be2 {[%clk 0:29:40]} Rd8
{[%clk 0:50:44]} 23. Qc2 {[%clk 0:26:18]} Qd6 {[%clk 0:48:38]} 24. Rf1
{[%clk 0:24:29]} f5 {[%clk 0:48:10]} 25. f3 {[%clk 0:21:47]} Bf6 {[%clk 0:44:16]}
26. g4 {[%clk 0:17:17]} f4 {[%clk 0:40:38]} 27. Bf2 {[%clk 0:17:16]} Qe7
{[%clk 0:41:01]} 28. Qd2 {[%clk 0:15:08]} Bh4 {[%clk 0:39:06]} 29. Qe1
{[%clk 0:14:35]} Bxf2+ {[%clk 0:39:04]} 30. Qxf2 {[%clk 0:13:57]} g5
{[%clk 0:36:04]} 31. Kg2 {[%clk 0:10:31]} Nf8 {[%clk 0:35:55]} 32. Rh1
{[%clk 0:10:16]} Ng6 {[%clk 0:36:24]} 33. Kf1 {[%clk 0:09:53]} Kg7
{[%clk 0:34:47]} 34. Ke1 {[%clk 0:09:17]} Rh8 {[%clk 0:34:36]} 35. Kd2
{[%clk 0:09:02]} Kf7 {[%clk 0:34:47]} 36. Rh2 {[%clk 0:06:00]} Rh7
{[%clk 0:34:51]} 37. Rbh1 {[%clk 0:05:49]} Rbh8 {[%clk 0:35:00]} 38. Kc2
{[%clk 0:05:18]} Bb7 {[%clk 0:35:04]} 39. Nb1 {[%clk 0:05:22]} Bc8
{[%clk 0:35:14]} 40. Nd2 {[%clk 0:04:55]} Bd7 {[%clk 0:34:46]} 41. Kc3
{[%clk 0:04:45]} Ke8 {[%clk 0:34:25]} 42. Kc2 {[%clk 0:04:59]} Kd8
{[%clk 0:34:51]} 43. Kc3 {[%clk 0:05:26]} Kc8 {[%clk 0:35:09]} 44. Kc2
{[%clk 0:05:47]} Kb8 {[%clk 0:35:13]} 45. Kc3 {[%clk 0:06:11]} Be8
{[%clk 0:35:16]} 46. Nf1 {[%clk 0:05:40]} Qd8 {[%clk 0:35:39]} 47. Kc2
{[%clk 0:05:19]} Rd7 {[%clk 0:35:21]} 48. Nd2 {[%clk 0:05:03]} Qc7
{[%clk 0:33:47]} 49. Rg1 {[%clk 0:04:45]} Rhh7 {[%clk 0:33:23]} 50. Rd1
{[%clk 0:04:48]} Nh4 {[%clk 0:33:24]} 51. Kc3 {[%clk 0:03:39]} Rd6
{[%clk 0:32:28]} 52. Kc2 {[%clk 0:03:07]} Rhd7 {[%clk 0:32:53]} 53. Nb3
{[%clk 0:03:17]} Rd8 {[%clk 0:33:08]} 54. Rhh1 {[%clk 0:03:02]} Bg6
{[%clk 0:33:21]} 55. Kc3 {[%clk 0:02:50]} R8d7 {[%clk 0:33:14]} 56. Kc2
{[%clk 0:01:56]} Bh7 {[%clk 0:33:28]} 57. Kc3 {[%clk 0:02:17]} Bg6
{[%clk 0:33:57]} 58. Kc2 {[%clk 0:02:46]} 1/2-1/2

[Event "EYCC 2024 - O14"]
[Site "?"]
[Date "2024.08.28"]
[Round "6.10"]
[White "Breuil, Virgile"]
[Black "Karvatskyi, Oleksii"]
[Result "1/2-1/2"]
[BlackElo "2144"]
[WhiteElo "2251"]
[LiveChessVersion "1.4.8"]

1. e4 {[%clk 1:30:56]} c5 {[%clk 1:30:57]} 2. Nf3 {[%clk 1:31:20]} e6
{[%clk 1:31:22]} 3. c3 {[%clk 1:30:39]} d5 {[%clk 1:24:24]} 4. exd5
{[%clk 1:30:36]} exd5 {[%clk 1:15:21]} 5. d4 {[%clk 1:30:49]} b6 {[%clk 1:14:37]}
6. Bd3 {[%clk 1:27:33]} Be7 {[%clk 1:14:47]} 7. O-O {[%clk 1:26:56]} Nf6
{[%clk 1:14:59]} 8. Nbd2 {[%clk 1:25:24]} O-O {[%clk 1:15:08]} 9. Re1
{[%clk 1:24:46]} Bb7 {[%clk 1:14:54]} 10. Nf1 {[%clk 1:24:27]} Ne4
{[%clk 1:01:31]} 11. Ne3 {[%clk 1:12:21]} cxd4 {[%clk 0:20:48]} 12. Nxd4
{[%clk 1:05:58]} Bc5 {[%clk 0:19:42]} 13. Nec2 {[%clk 0:52:07]} Nc6
{[%clk 0:18:15]} 14. f3 {[%clk 0:50:09]} Bxd4+ {[%clk 0:16:27]} 15. Nxd4
{[%clk 0:48:48]} Nc5 {[%clk 0:16:02]} 16. Bc2 {[%clk 0:45:19]} Qf6
{[%clk 0:15:37]} 17. Nxc6 {[%clk 0:43:48]} Qxc6 {[%clk 0:15:08]} 18. Be3
{[%clk 0:43:35]} Ne6 {[%clk 0:14:37]} 19. Qd3 {[%clk 0:43:22]} f5
{[%clk 0:14:54]} 20. Bf2 {[%clk 0:41:37]} Kh8 {[%clk 0:14:32]} 21. Re5
{[%clk 0:40:11]} Nf4 {[%clk 0:09:40]} 22. Qd2 {[%clk 0:39:19]} Nxg2
{[%clk 0:03:34]} 23. Kxg2 {[%clk 0:34:14]} d4 {[%clk 0:03:55]} 24. Qf4
{[%clk 0:31:28]} dxc3 {[%clk 0:02:29]} 25. Rxf5 {[%clk 0:30:37]} Qg6+
{[%clk 0:02:35]} 26. Bg3 {[%clk 0:30:13]} Rxf5 {[%clk 0:01:56]} 27. Qxf5
{[%clk 0:30:03]} Qh6 {[%clk 0:00:43]} 28. Bf4 {[%clk 0:26:10]} Qh4
{[%clk 0:00:55]} 29. Qg5 {[%clk 0:23:09]} Qxg5+ {[%clk 0:00:53]} 30. Bxg5
{[%clk 0:23:34]} Re8 {[%clk 0:00:57]} 31. Bd3 {[%clk 0:22:54]} h6
{[%clk 0:00:48]} 32. Bf4 {[%clk 0:21:52]} g5 {[%clk 0:00:48]} 33. Bg3
{[%clk 0:20:51]} Re3 {[%clk 0:01:05]} 34. Be4 {[%clk 0:20:52]} cxb2
{[%clk 0:01:01]} 35. Be5+ {[%clk 0:18:49]} Kg8 {[%clk 0:01:30]} 36. Bxb7
{[%clk 0:18:25]} bxa1=Q {[%clk 0:01:27]} 37. Bxa1 {[%clk 0:18:42]} Kf8
{[%clk 0:01:39]} 38. Kg3 {[%clk 0:18:30]} Re2 {[%clk 0:00:58]} 39. Bd5
{[%clk 0:18:11]} b5 {[%clk 0:01:19]} 40. Bc3 {[%clk 0:17:18]} Ke7
{[%clk 0:01:35]} 41. a3 {[%clk 0:16:49]} Kd6 {[%clk 0:01:20]} 42. Be4
{[%clk 0:15:49]} Kc5 {[%clk 0:01:34]} 43. Bf6 {[%clk 0:13:48]} a5
{[%clk 0:01:39]} 44. h4 {[%clk 0:11:57]} gxh4+ {[%clk 0:02:04]} 45. Kxh4
{[%clk 0:12:05]} b4 {[%clk 0:02:15]} 46. axb4+ {[%clk 0:11:54]} axb4
{[%clk 0:02:40]} 47. Bf5 {[%clk 0:05:08]} b3 {[%clk 0:02:27]} 48. f4
{[%clk 0:05:01]} b2 {[%clk 0:02:36]} 49. Kg3 {[%clk 0:04:46]} Re3+
{[%clk 0:02:03]} 50. Kg4 {[%clk 0:04:34]} Rb3 {[%clk 0:01:47]} 51. Bb1
{[%clk 0:04:52]} Kd6 {[%clk 0:01:59]} 52. Bg7 {[%clk 0:04:10]} h5+
{[%clk 0:01:19]} 53. Kh4 {[%clk 0:03:35]} Rf3 {[%clk 0:01:00]} 54. Bxb2
{[%clk 0:02:18]} Rxf4+ {[%clk 0:01:25]} 1/2-1/2

[Event "EYCC 2024 - O14"]
[Site "?"]
[Date "2024.08.28"]
[Round "6.11"]
[White "Pycinski, Wladyslaw"]
[Black "Popov, Roman"]
[Result "1-0"]
[BlackElo "1962"]
[WhiteElo "2237"]
[LiveChessVersion "1.4.8"]

1. e4 {[%clk 1:30:58]} e6 {[%clk 1:30:45]} 2. d4 {[%clk 1:31:12]} d5
{[%clk 1:31:09]} 3. e5 {[%clk 1:31:35]} c5 {[%clk 1:31:28]} 4. c3
{[%clk 1:31:54]} Ne7 {[%clk 1:31:16]} 5. Nf3 {[%clk 1:30:07]} Qb6
{[%clk 1:29:15]} 6. Na3 {[%clk 1:25:50]} Bd7 {[%clk 1:17:54]} 7. Bd3
{[%clk 1:22:05]} Nbc6 {[%clk 1:14:24]} 8. dxc5 {[%clk 1:11:23]} Qxc5
{[%clk 1:01:12]} 9. Nb5 {[%clk 1:08:47]} Nxe5 {[%clk 0:56:55]} 10. Nxe5
{[%clk 1:07:06]} Bxb5 {[%clk 0:56:33]} 11. Be3 {[%clk 1:06:14]} d4
{[%clk 0:56:45]} 12. Bxd4 {[%clk 1:06:32]} Qd5 {[%clk 0:56:20]} 13. Bxb5+
{[%clk 0:35:23]} Qxb5 {[%clk 0:56:38]} 14. c4 {[%clk 0:35:40]} Qa5+
{[%clk 0:53:11]} 15. Bc3 {[%clk 0:35:58]} Qc7 {[%clk 0:53:16]} 16. O-O
{[%clk 0:35:50]} Nc6 {[%clk 0:49:49]} 17. Nxc6 {[%clk 0:30:56]} bxc6
{[%clk 0:43:35]} 18. Re1 {[%clk 0:28:46]} Bd6 {[%clk 0:40:16]} 19. Qh5
{[%clk 0:27:19]} O-O {[%clk 0:22:49]} 20. Bxg7 {[%clk 0:24:54]} Kxg7
{[%clk 0:18:30]} 21. Qg5+ {[%clk 0:25:18]} Kh8 {[%clk 0:18:53]} 22. Qf6+
{[%clk 0:25:42]} Kg8 {[%clk 0:19:16]} 23. Re4 {[%clk 0:25:46]} Rfb8
{[%clk 0:16:25]} 24. c5 {[%clk 0:20:33]} Bxc5 {[%clk 0:07:09]} 25. Qg5+
{[%clk 0:20:47]} Kf8 {[%clk 0:06:36]} 26. Qxc5+ {[%clk 0:21:04]} Qe7
{[%clk 0:05:21]} 27. Qc3 {[%clk 0:20:34]} Qg5 {[%clk 0:03:23]} 28. g3
{[%clk 0:19:44]} Rd8 {[%clk 0:02:11]} 29. Rae1 {[%clk 0:19:17]} Qg7
{[%clk 0:00:58]} 30. Qb4+ {[%clk 0:18:24]} Ke8 {[%clk 0:00:56]} 31. Rxe6+
{[%clk 0:18:02]} fxe6 {[%clk 0:01:16]} 32. Rxe6+ {[%clk 0:18:28]} Kf7
{[%clk 0:00:39]} 33. Re7+ {[%clk 0:18:48]} Kg8 {[%clk 0:00:49]} 34. Rxg7+
{[%clk 0:19:03]} Kxg7 {[%clk 0:01:14]} 35. Qe7+ {[%clk 0:19:22]} Kg8
{[%clk 0:01:15]} 36. h4 {[%clk 0:18:54]} Rd1+ {[%clk 0:00:46]} 37. Kg2
{[%clk 0:19:19]} Rad8 {[%clk 0:00:42]} 38. h5 {[%clk 0:19:19]} R8d7
{[%clk 0:00:36]} 39. Qe6+ {[%clk 0:19:33]} Kf8 {[%clk 0:00:38]} 40. h6
{[%clk 0:19:36]} R1d6 {[%clk 0:00:43]} 41. Qe5 {[%clk 0:19:58]} Kf7
{[%clk 0:00:36]} 42. Qg7+ {[%clk 0:17:14]} Ke6 {[%clk 0:00:51]} 43. Qg8+
{[%clk 0:17:40]} Ke5 {[%clk 0:00:42]} 44. Qg5+ {[%clk 0:17:21]} Kd4
{[%clk 0:00:33]} 45. g4 {[%clk 0:16:45]} Kd3 {[%clk 0:00:31]} 46. Qf5+
{[%clk 0:16:57]} Kd4 {[%clk 0:00:39]} 47. g5 {[%clk 0:17:14]} Kc4
{[%clk 0:00:33]} 48. Kg3 {[%clk 0:16:38]} Rd3+ {[%clk 0:00:35]} 49. f3
{[%clk 0:17:00]} R3d6 {[%clk 0:00:55]} 50. Kh3 {[%clk 0:16:23]} c5
{[%clk 0:01:05]} 51. Qc2+ {[%clk 0:14:28]} Kb5 {[%clk 0:00:49]} 52. Qb3+
{[%clk 0:14:43]} Kc6 {[%clk 0:01:00]} 53. Kg4 {[%clk 0:14:14]} Rd4+
{[%clk 0:00:43]} 54. f4 {[%clk 0:13:59]} a5 {[%clk 0:00:41]} 55. Qg8
{[%clk 0:13:58]} R4d6 {[%clk 0:00:37]} 56. a4 {[%clk 0:13:38]} Kb7
{[%clk 0:00:38]} 57. Qc4 {[%clk 0:13:48]} Kc6 {[%clk 0:00:32]} 58. Qb5+
{[%clk 0:13:48]} Kd5 {[%clk 0:00:49]} 59. Qxa5 {[%clk 0:14:08]} Kc6
{[%clk 0:00:39]} 60. Qb5+ {[%clk 0:14:18]} Kd5 {[%clk 0:00:46]} 61. b4
{[%clk 0:14:26]} Rc7 {[%clk 0:00:34]} 62. Qd3+ {[%clk 0:14:36]} Ke6
{[%clk 0:00:31]} 63. Qf5+ {[%clk 0:14:59]} Ke7 {[%clk 0:00:41]} 64. Qxh7+
{[%clk 0:15:22]} Kd8 {[%clk 0:00:58]} 65. Qg8+ {[%clk 0:15:47]} Kd7
{[%clk 0:01:15]} 66. h7 {[%clk 0:16:09]} 1-0

[Event "EYCC 2024 - O14"]
[Site "?"]
[Date "2024.08.28"]
[Round "6.12"]
[White "Nemitz, Alfred"]
[Black "Laignel, Quentin"]
[Result "1-0"]
[BlackElo "2101"]
[WhiteElo "2201"]
[LiveChessVersion "1.4.8"]

1. d4 {[%clk 1:30:54]} Nf6 {[%clk 1:30:31]} 2. Nf3 {[%clk 1:31:07]} d5
{[%clk 1:30:01]} 3. c4 {[%clk 1:31:18]} e6 {[%clk 1:29:33]} 4. Nc3
{[%clk 1:28:29]} dxc4 {[%clk 1:27:39]} 5. e3 {[%clk 1:28:21]} a6 {[%clk 1:26:56]}
6. Bxc4 {[%clk 1:28:43]} b5 {[%clk 1:26:49]} 7. Bd3 {[%clk 1:26:49]} c5
{[%clk 1:22:31]} 8. a4 {[%clk 1:24:13]} b4 {[%clk 1:21:42]} 9. Ne4
{[%clk 1:21:14]} Nbd7 {[%clk 1:18:48]} 10. b3 {[%clk 1:07:40]} Bb7
{[%clk 1:14:18]} 11. Nxf6+ {[%clk 1:06:48]} Nxf6 {[%clk 1:14:29]} 12. Bb2
{[%clk 1:07:13]} cxd4 {[%clk 1:10:14]} 13. Bxd4 {[%clk 1:05:28]} Rc8
{[%clk 1:02:34]} 14. Qe2 {[%clk 1:00:11]} Qa5 {[%clk 1:01:57]} 15. O-O
{[%clk 0:58:42]} Be7 {[%clk 0:55:44]} 16. Ne5 {[%clk 0:53:37]} O-O
{[%clk 0:53:11]} 17. Rfd1 {[%clk 0:45:10]} Kh8 {[%clk 0:18:47]} 18. Bc4
{[%clk 0:43:11]} Bc5 {[%clk 0:15:55]} 19. Bb2 {[%clk 0:41:09]} Kg8
{[%clk 0:14:11]} 20. Nd7 {[%clk 0:39:52]} Nxd7 {[%clk 0:13:04]} 21. Rxd7
{[%clk 0:38:11]} Rc7 {[%clk 0:10:59]} 22. Qg4 {[%clk 0:29:50]} g6
{[%clk 0:10:28]} 23. Bxe6 {[%clk 0:20:54]} Rxd7 {[%clk 0:06:36]} 24. Bxd7
{[%clk 0:21:05]} Qd8 {[%clk 0:03:32]} 25. Qf4 {[%clk 0:15:28]} Qe7
{[%clk 0:03:52]} 26. Bf6 {[%clk 0:09:47]} Qe4 {[%clk 0:03:44]} 27. Qxe4
{[%clk 0:10:10]} Bxe4 {[%clk 0:04:07]} 28. Rc1 {[%clk 0:10:34]} Bd6
{[%clk 0:02:26]} 29. Rc4 {[%clk 0:08:07]} Bb7 {[%clk 0:02:48]} 30. h4
{[%clk 0:07:49]} h6 {[%clk 0:02:23]} 31. e4 {[%clk 0:07:35]} Rb8 {[%clk 0:02:37]}
32. e5 {[%clk 0:07:07]} Bf8 {[%clk 0:02:35]} 33. Bc6 {[%clk 0:04:38]} Bc8
{[%clk 0:01:22]} 34. Bd5 {[%clk 0:05:07]} a5 {[%clk 0:01:38]} 35. g4
{[%clk 0:03:32]} Bd7 {[%clk 0:01:10]} 36. Rc7 {[%clk 0:03:14]} Be6
{[%clk 0:01:34]} 37. Bxe6 {[%clk 0:03:40]} fxe6 {[%clk 0:01:58]} 38. f4
{[%clk 0:03:40]} h5 {[%clk 0:01:26]} 39. g5 {[%clk 0:04:06]} 1-0

[Event "EYCC 2024 - O14"]
[Site "?"]
[Date "2024.08.28"]
[Round "6.13"]
[White "Lehocz, Jozsef Jr."]
[Black "Torosyan, Volodya"]
[Result "0-1"]
[BlackElo "2148"]
[WhiteElo "2069"]
[LiveChessVersion "1.4.8"]

1. e4 {[%clk 1:30:53]} c5 {[%clk 1:30:52]} 2. c3 {[%clk 1:31:07]} Nf6
{[%clk 1:31:07]} 3. e5 {[%clk 1:30:58]} Nd5 {[%clk 1:31:29]} 4. Bc4
{[%clk 1:30:31]} Nb6 {[%clk 1:31:19]} 5. Bb3 {[%clk 1:30:54]} c4 {[%clk 1:31:27]}
6. Bc2 {[%clk 1:31:14]} Nc6 {[%clk 1:31:43]} 7. Nf3 {[%clk 1:30:50]} d5
{[%clk 1:31:39]} 8. exd6 {[%clk 1:27:15]} Qxd6 {[%clk 1:31:57]} 9. Qe2
{[%clk 1:18:27]} Bg4 {[%clk 1:24:36]} 10. b3 {[%clk 1:15:51]} Qe6
{[%clk 1:16:33]} 11. Qxe6 {[%clk 1:02:35]} Bxe6 {[%clk 1:17:01]} 12. Na3
{[%clk 1:01:57]} Bd5 {[%clk 1:15:48]} 13. bxc4 {[%clk 0:52:52]} Nxc4
{[%clk 1:15:32]} 14. O-O {[%clk 0:48:44]} Nxa3 {[%clk 1:05:43]} 15. Bxa3
{[%clk 0:49:07]} O-O-O {[%clk 1:05:55]} 16. Bc1 {[%clk 0:20:54]} e5
{[%clk 0:58:47]} 17. Re1 {[%clk 0:19:45]} f6 {[%clk 0:56:22]} 18. d3
{[%clk 0:18:03]} Bc5 {[%clk 0:54:06]} 19. Be3 {[%clk 0:17:18]} Ba3
{[%clk 0:53:47]} 20. Rab1 {[%clk 0:15:33]} Kb8 {[%clk 0:41:06]} 21. Nd2
{[%clk 0:14:06]} Rc8 {[%clk 0:39:42]} 22. Bb3 {[%clk 0:10:16]} Rhd8
{[%clk 0:37:49]} 23. Red1 {[%clk 0:10:08]} Na5 {[%clk 0:35:22]} 24. c4
{[%clk 0:07:30]} Bf7 {[%clk 0:34:23]} 25. Ne4 {[%clk 0:06:02]} Bg6
{[%clk 0:33:27]} 26. f3 {[%clk 0:05:31]} Bxe4 {[%clk 0:28:36]} 27. fxe4
{[%clk 0:04:26]} Bc5 {[%clk 0:28:56]} 28. Kf2 {[%clk 0:04:43]} b6
{[%clk 0:27:49]} 29. Bxc5 {[%clk 0:04:06]} Rxc5 {[%clk 0:28:13]} 30. Ke3
{[%clk 0:04:10]} Rd4 {[%clk 0:28:12]} 31. Ba4 {[%clk 0:04:05]} Nb7
{[%clk 0:27:58]} 32. Rb5 {[%clk 0:04:08]} Kc7 {[%clk 0:27:43]} 33. Rxc5+
{[%clk 0:04:19]} Nxc5 {[%clk 0:27:45]} 34. Bc2 {[%clk 0:04:29]} Kc6
{[%clk 0:25:14]} 35. Rb1 {[%clk 0:03:49]} a6 {[%clk 0:25:11]} 36. Rb4
{[%clk 0:03:22]} Nb7 {[%clk 0:24:31]} 37. Ba4+ {[%clk 0:03:22]} Kc5
{[%clk 0:24:42]} 38. a3 {[%clk 0:02:53]} Nd6 {[%clk 0:24:21]} 39. Bd1
{[%clk 0:01:36]} b5 {[%clk 0:20:59]} 40. cxb5 {[%clk 0:01:10]} Rxb4
{[%clk 0:21:25]} 41. axb4+ {[%clk 0:01:35]} Kxb5 {[%clk 0:21:51]} 42. d4
{[%clk 0:00:58]} Nc4+ {[%clk 0:21:33]} 0-1

[Event "EYCC 2024 - O14"]
[Site "?"]
[Date "2024.08.28"]
[Round "6.14"]
[White "Oktem, Ege Tuna"]
[Black "Karacsonyi, Bank"]
[Result "1-0"]
[BlackElo "1913"]
[WhiteElo "2144"]
[LiveChessVersion "1.4.8"]

1. e4 {[%clk 1:30:58]} e5 {[%clk 1:30:55]} 2. Nf3 {[%clk 1:31:25]} Nc6
{[%clk 1:31:20]} 3. Bc4 {[%clk 1:31:51]} Bc5 {[%clk 1:31:45]} 4. d3
{[%clk 1:32:14]} Nf6 {[%clk 1:31:16]} 5. a4 {[%clk 1:31:53]} a5 {[%clk 1:31:37]}
6. O-O {[%clk 1:31:07]} d6 {[%clk 1:31:53]} 7. c3 {[%clk 1:31:28]} Ba7
{[%clk 1:32:07]} 8. Nbd2 {[%clk 1:31:03]} Be6 {[%clk 1:31:39]} 9. Qb3
{[%clk 1:25:21]} Qd7 {[%clk 1:22:51]} 10. Bxe6 {[%clk 1:15:03]} fxe6
{[%clk 1:21:26]} 11. Nc4 {[%clk 1:04:51]} O-O {[%clk 1:20:01]} 12. Be3
{[%clk 1:04:54]} Nh5 {[%clk 1:15:51]} 13. Ncd2 {[%clk 0:52:44]} Rf6
{[%clk 0:59:11]} 14. Qxb7 {[%clk 0:46:26]} Rb8 {[%clk 0:45:26]} 15. Qa6
{[%clk 0:46:01]} Bb6 {[%clk 0:44:19]} 16. Qc4 {[%clk 0:33:01]} Rbf8
{[%clk 0:41:49]} 17. d4 {[%clk 0:27:02]} Nf4 {[%clk 0:31:26]} 18. Bxf4
{[%clk 0:23:06]} Rxf4 {[%clk 0:29:46]} 19. Qb5 {[%clk 0:20:49]} Rb8
{[%clk 0:21:30]} 20. Qd3 {[%clk 0:14:36]} exd4 {[%clk 0:20:11]} 21. cxd4
{[%clk 0:15:05]} Nb4 {[%clk 0:19:56]} 22. Qc3 {[%clk 0:15:15]} d5
{[%clk 0:15:29]} 23. Rfe1 {[%clk 0:12:38]} Rd8 {[%clk 0:12:11]} 24. exd5
{[%clk 0:10:14]} Qxd5 {[%clk 0:10:22]} 25. Re5 {[%clk 0:10:00]} Qd7
{[%clk 0:10:26]} 26. Nb3 {[%clk 0:08:46]} Nc6 {[%clk 0:10:09]} 27. Nc5
{[%clk 0:07:29]} Bxc5 {[%clk 0:09:40]} 28. Rxc5 {[%clk 0:07:49]} Nxd4
{[%clk 0:09:26]} 29. Nxd4 {[%clk 0:08:14]} Rxd4 {[%clk 0:09:35]} 30. g3
{[%clk 0:06:56]} Rd1+ {[%clk 0:07:41]} 31. Rxd1 {[%clk 0:07:05]} Qxd1+
{[%clk 0:08:10]} 32. Kg2 {[%clk 0:07:34]} Rd3 {[%clk 0:07:50]} 33. Qe5
{[%clk 0:04:00]} Qf3+ {[%clk 0:07:21]} 34. Kh3 {[%clk 0:04:30]} Qxf2
{[%clk 0:05:53]} 35. Qxe6+ {[%clk 0:04:41]} Qf7 {[%clk 0:06:15]} 36. Qxf7+
{[%clk 0:02:57]} Kxf7 {[%clk 0:06:44]} 37. Rxc7+ {[%clk 0:03:20]} Kf6
{[%clk 0:06:37]} 38. Rb7 {[%clk 0:03:17]} Rd4 {[%clk 0:06:41]} 39. b3
{[%clk 0:03:39]} Rd3 {[%clk 0:07:06]} 40. Rb5 {[%clk 0:03:59]} h6
{[%clk 0:07:17]} 41. Kg4 {[%clk 0:04:24]} Ke6 {[%clk 0:06:06]} 42. Kf4
{[%clk 0:04:16]} Kd6 {[%clk 0:06:12]} 43. Ke4 {[%clk 0:02:43]} Rc3
{[%clk 0:06:37]} 44. Kd4 {[%clk 0:02:59]} Rf3 {[%clk 0:07:02]} 45. Kc4
{[%clk 0:03:15]} Rf2 {[%clk 0:07:08]} 46. Rxa5 {[%clk 0:03:39]} Rxh2
{[%clk 0:07:34]} 47. Ra6+ {[%clk 0:04:06]} Kc7 {[%clk 0:07:49]} 48. Ra7+
{[%clk 0:04:26]} 1-0